000 00474nam a2200205Ia 4500
003 OSt
005 20221005115637.0
006 a|||||r|||| 00| 0
007 ta
008 221004b |||||||| |||| 00| 0 snd d
024 _a7224
037 _cTextual
040 _aCRL
_cCRL
_bsnd
041 _2snd
_asnd
082 _aO1593,8x, L5
245 0 _aChun chun joman bo
260 _c1975
942 _hO1593,8x, L5
_cTEXL
_2cc
999 _c1035494
_d1035494